| 000 | 01490cam a2200349 a 4500 | ||
|---|---|---|---|
| 001 | 4995852 | ||
| 003 | SISC | ||
| 005 | 20160601085530.0 | ||
| 008 | 990519s2000 nyua c 000 1 eng | ||
| 010 | _a 99032522 | ||
| 020 | _a9780440416487 | ||
| 040 |
_aDLC _cDLC _dDLC |
||
| 042 | _alcac | ||
| 050 | 0 | 0 |
_aPZ 7 .C869275 _bAk 2000 |
| 082 | 0 | 0 | _a[Fic] |
| 100 | 1 | _aCrilley, Mark. | |
| 245 | 1 | 0 |
_aAkiko on the planet Smoo / _cwritten and illustrated by Mark Crilley. |
| 260 |
_aNew York : _bYearling Book _c2000. |
||
| 300 |
_a162 p. : _bill. ; _c22 cm. |
||
| 500 | _aSequel: Akiko in the Sprubly Islands. | ||
| 520 | _aTen-year-old Akiko has an unexpected adventure when she is whisked away to a distant planet and put in charge of the rescue mission that must search for the kidnapped Prince Froptoppit. | ||
| 650 | 1 | _aScience fiction. | |
| 650 | 1 |
_aAdventure and adventurers _vFiction. |
|
| 650 | 1 |
_aJapanese Americans _vFiction. |
|
| 856 | 4 | 2 |
_3Contributor biographical information _uhttp://www.loc.gov/catdir/bios/random059/99032522.html |
| 856 | 4 | 1 |
_3Sample text _uhttp://www.loc.gov/catdir/samples/random043/99032522.html |
| 856 | 4 | 2 |
_3Publisher description _uhttp://www.loc.gov/catdir/description/random048/99032522.html |
| 906 |
_a7 _bcbc _corignew _d1 _eocip _f19 _gy-gencatlg |
||
| 942 |
_2lcc _cBK |
||
| 999 |
_c294944 _d294944 |
||